Odgadnij członka discorda uquadu po mieście - Statystyki

Ogólne statystyki
  • Ten quiz został rozwiązany 53 razy
  • Średni wynik to 15 z 38
Statystyki odpowiedzi
Hint Odpowiedź % Poprawnych
Andrychów olo
87%
Warszawa (Ursus) Skowron
74%
Cieszyn / Gliwice Roobbson
68%
Żyrardów Sadziu
68%
Rokietnica / Wrocław Karciarz
58%
Grudziądz / Buxtehude Tylko Olimpia
55%
Kraków (Podgórze) Jan Seweryn
52%
Radom KatooKB
52%
Swarzędz KubaFracek
52%
Bielsko-Biała Fikas
48%
Ełk / Kowno Janisz
48%
Jeżów Sudecki / Jelenia Góra Wielkibuc
48%
Świnoujście Hexagoon5
45%
Elbląg Ibraka
45%
Augustów Waxjan
45%
Płock Adams
42%
Jastrzębie Zdrój Najgab
42%
Warszawa (Powiśle) Swangambit
42%
Warszawa (Prawy brzeg Wisły) Leon
39%
Szczecin tmcdermid
39%
Wrocław Wojtiwojciech
39%
Tarnów Dudek
35%
Leszno / Poznań GlumSmile
35%
Olsztyn / Rostock (?) Jigen
35%
Gdańsk / Warszawa Lemonized
35%
Rokietnica Em1k
32%
Piotrków Trybunalski Kublen
32%
Warszawa, chodził na Politechnikę Sethelin
32%
jakaś wioska w zachodnich Niemczech Dascha
26%
Lublin gwusc_
23%
Kraków (nie wiem gdzie) Krux
23%
Wrocław (Kozanów) Lpg
23%
Gostyń Nejtan
23%
Warszawa (Żoliborz) Tomas
23%
Mójcza Antoni Miller
19%
Garby Mokcio
19%
Warszawa (Wola) Ichnes
16%
Kielce Wiecu
16%
Nie znaleziono quizów pasujących do podanych kryteriów
Rozkład punktacji
Procent ludzi z każdym wynikiem
Percentyl według liczby udzielonych odpowiedzi
Twoja historia wyników
Nie rozwiązałeś tego quizu